000 00629nam a2200217Ii 4500
001 15252
003 CO-ViMGA
008 241108s9999||||xx |||||||||||||| ||und||
020 _a9789588427256
040 _aCO-ViMGA
_bspa
_erda
_cCO-ViMGA
041 0 _aspa
082 0 4 _a303.686121 C65
100 1 _aJaime Arocha Rodríguez
_948223
245 1 0 _aColombia :
_bviolencia y democracia
264 1 _aBogotá, Colombia : La Carreta, 2009
300 _avolumen
336 _atext
_btxt
_2rdacontent
337 _aunmediated
_bn
_2rdamedia
338 _avolume
_bnc
_2rdacarrier
940 _aidficha_siabuc: 14938. -- ficha_no_siabuc:15252
999 _c42864
_d42864